| 000 | 00662nam a2200241 a 4500 | ||
|---|---|---|---|
| 001 | 55375 | ||
| 003 | BD-RjUL | ||
| 005 | 20211209080245.0 | ||
| 008 | 161116s1981 ii abf 001 0 eng | ||
| 020 | _cRs85.00 | ||
| 035 | _a(BD-RjUL)55497 | ||
| 040 |
_aDLC _cDLC _dBD-RjUL _beng |
||
| 041 | _aeng | ||
| 082 | 0 | 0 |
_a954.9205 _223 _bSIV 1981 |
| 100 | 0 |
_aSingh, Lachhman _9164948 |
|
| 245 | 1 | 0 |
_aVictory in Bangladesh / _cLachhman Singh. |
| 260 |
_aDehra Dun, India : _bNatraj, _cc1981. |
||
| 300 |
_axiv, 302 p. : _bill. ; _c23 cm. |
||
| 500 | _aIncludes index. | ||
| 650 | 0 |
_aIndia-Pakistan Conflict, 1971. _9128081 |
|
| 942 |
_2ddc _cBK |
||
| 999 |
_c55375 _d55375 |
||